000 00294nam a22001337a 4500
008 171012b xxu||||| |||| 00| 0 eng d
020 _a0312278624
041 _aeng
080 _22ND
_a316
100 _a50
101 _aSOC
245 _aEXTRAORDINARY GROUPS
_cKEPHART,.W.M
942 _2udc
_cBK
999 _c33452
_d33452